LEADER 01201nam a2200253 u 4500 001 000000051721 003 CaOOAMICUS 005 20070226115353.0 008 000925s1956 it u000 u ita u 035 $a10856496 040 $aPUL(R)$bita 100 1 $aDelpini, Francesco.$0(OLS)http://pul/name/2457 245 10$aDivorzio e separazione dei coniugi nel diritto romano e nella dottrina della Chiesa fino al secolo V /$cFrancesco Delpini. 260 $aTorino :$bMarietti,$c1956. 300 $a138 p. ;$c25 cm 504 $aBibliografia in nota. 650 4$aMatrimonio (diritto romano).$0(OLS)http://pul/subject/6655 850 $aPUL 852 $aPUL$W1$xDP1 Fondo Ciprotti$y59$m1540 B 26$j68498$nBK-PRI$b $qFondi$B68498$CPULBib$Z2$F68498 $H $81 852 $aPUL$W1$xDP1 Fondo Maccarrone$y58$m1512 F 27$j146040$a2. copia$qFondi$B144739$CPULBib$Z2$F144739 $H02835 $82 941 1 $a1 961 $aINV: F. Ciprotti 996 $6245$aDivorzio e separazione dei coniugi nel diritto romano e nella dottrina della Chiesa fino al secolo V$9(OLS)http://pul/title/69452 996 $6260$aTorino :$bMarietti$9(OLS)http://pul/publisher/48186 LEADER 01085nam a2200289 a 4500 001 000000136631 003 CaOOAMICUS 005 20131203113852.0 008 131203s1997 it u000 u ita r 020 $a88-04-42697-7 040 $aPUL$bita 041 1 $aita$hrus 100 1 $aDostoevskij, Fëdor Mihajlovi?,$d1821-1881.$0(OLS)http://pul/name/37936 245 10$aSaggi /$cFëdor Dostoevskij ; a cura di Gianlorenzo Pacini. 260 $aMilano :$bArnoldo Mondadori,$c1997. 300 $aXXIV, 379 p. ;$c19 cm 490 1 $aOscar classici 700 1 $aPacini, Gianlorenzo.$0(OLS)http://pul/name/40067 830 0$aOscar classici.$0(OLS)http://pul/title/104182 850 $aPUL 852 $aPUL$W1$xDP1 Fondo E. Rossi$y115$m2 E 26$j157348$qFondi$B156835$CPULBib$Z2$F156835 $82 941 1 $a1 961 $aSul dorso collocazione ms. di E. Rossi: V 18 2 996 $6020$a88-04-42697-7$9(OLS)http://pul/number/154107 996 $6245$aSaggi$9(OLS)http://pul/title/102047 996 $6260$aMilano :$bArnoldo Mondadori$9(OLS)http://pul/publisher/60431